From the Earth to the Street - Gradual Zoom with Maps #1 - Statistics

General Stats
  • This quiz has been taken 465 times
  • The average score is 5 of 8
Answers on the Map
Answers color-coded by a green-red scale on the quiz's map according to % correct below.
 
Answer Stats
Scale Localisation % Correct
Planet Earth
100%
Continent Europe
99%
Country Spain
99%
Region Catalonia
84%
Province Barcelona
76%
City Barcelona
72%
Street La Rambla
10%
Neighborhood El Raval
8%
No matching quizzes found
Score Distribution
Percent of People with Each Score
Percentile by Number Answered
Your Score History
You have not taken this quiz